| 000 | 00827nam a22002775i 4500 | ||
|---|---|---|---|
| 001 | 18566 | ||
| 003 | ES-MaACL | ||
| 005 | 20230906151852.0 | ||
| 007 | t| | ||
| 008 | 011015s1994 sp ||||0| spa j | ||
| 020 | _a84-297-3703-0 | ||
| 040 |
_aM-BN _bspa _cM-BN |
||
| 080 | _a821.162.3-31"19" | ||
| 100 | 1 |
_aHrabal, Bohumil. _964451 |
|
| 245 | 1 | 4 |
_aLas desventuras del viejo Werther / _cBohumil Hrabal ; traducción de María García Barris. |
| 250 | _a1ª ed. | ||
| 260 |
_aBarcelona : _bPenínsula, _c1994. |
||
| 300 |
_a110 p ; _c20 cm. |
||
| 490 | 1 |
_aPenínsula/narrativa ; _v53 |
|
| 500 | _aTraducido del francés. | ||
| 700 | 1 |
_aGarcía Barris, María. _954233 |
|
| 830 | 0 |
_aPenínsula/narrativa ; _v53 _9181379 |
|
| 852 |
_aES-MaACL _jL-25130 _bR.130400 |
||
| 999 |
_c18566 _d18566 |
||